Asfaltové vozovky 2019 : sborník abstraktů. České Budějovice, ČR, 26. - 27. 11. 2019
Guardado en:
| Autor Corporativo: | |
|---|---|
| Formato: | Procedimiento de la Conferencia Libro |
| Lenguaje: | checo eslovaco |
| Publicado: |
Praha :
PRAGOPROJEKT,
2019
|
| Edición: | 1. vyd. |
| Etiquetas: |
Sin Etiquetas, Sea el primero en etiquetar este registro!
|
MARC
| LEADER | 00000nam a22000003a 4500 | ||
|---|---|---|---|
| 001 | 0078003 | ||
| 003 | SK-STU | ||
| 005 | 20191128142712.3 | ||
| 007 | ta | ||
| 008 | 151208s ----xo-----e------100-0-----d | ||
| 020 | |a 978-80-906809-3-7 | ||
| 040 | |a STU |b slo | ||
| 041 | 0 | |a cze |a slo | |
| 044 | |a xr | ||
| 111 | 2 | |a Asfaltové vozovky 2019 |d 26. - 27. 11. 2019 |c České Budějovice, Česká republika | |
| 245 | 1 | 0 | |a Asfaltové vozovky 2019 : |b sborník abstraktů. České Budějovice, ČR, 26. - 27. 11. 2019 |
| 246 | 3 | 1 | |a Asphalt Pavements 2019 : |b book of abstracts |
| 250 | |a 1. vyd. | ||
| 260 | |a Praha : |b PRAGOPROJEKT, |c 2019 | ||
| 300 | |a 48 s. | ||
| 996 | |c V* 2640/sc-19 |l VV2 |s P |a 0 |w 0078003_0001 | ||
| 996 | |c V* 2641/sc-19 |l VV2 |s P |a 0 |w 0078003_0002 | ||